Zlepšovanie procesov pomocou štatistických metód XI. (2020) recenzovaný zborník príspevkov a abstraktov z 11. medzinárodnej vedeckej konferencie, 10.-12.6.2020, (Košice, Slovensko)

Gespeichert in:
Bibliographische Detailangaben
Körperschaften: Zlepšovanie procesov pomocou štatistických metód XI. (2020). Medzinárodná vedecká konferencia, Ekonomická univerzita v Bratislave. Podnikovohospodárska fakulta so sídlom v Košiciach, Vysoká škola báňská - Technická univerzita Ostrava. Hornicko-geologická fakulta
Weitere Verfasser: Mitrová, Miriam, 1975-, Jakub, Vincent, Spišák, Emil
Format: Buch
Sprache:Slowakisch
Englisch
Veröffentlicht: Košice KKM PHF EU 2020
Ausgabe:1. vydanie
Schlagworte:
Tags: Tag hinzufügen
Keine Tags, Fügen Sie das erste Tag hinzu!

MARC

LEADER 00000nlm a2200000 4500
001 0269173
005 20220728101550.7
020 |a 978-80-225-4747-5 
041 0 |a slo 
041 0 |a eng 
044 |a SK 
245 1 0 |a Zlepšovanie procesov pomocou štatistických metód XI. (2020)  |b recenzovaný zborník príspevkov a abstraktov z 11. medzinárodnej vedeckej konferencie, 10.-12.6.2020, (Košice, Slovensko)  |c editor: Miriam Mitrová ; recenzenti: Vincent Jakub, Emil Spišák 
250 |a 1. vydanie 
264 1 |a Košice  |b KKM PHF EU  |c 2020 
300 |a CD-ROM 152 s. 
610 2 0 |a metódy štatistické 
610 2 0 |a rozhodovanie manažérske 
610 2 0 |a procesy podnikové 
610 2 0 |a štandardy medzinárodné 
610 2 0 |a ochrana zdravia 
610 2 0 |a hodnota podniku 
610 2 0 |a obchod elektronický 
610 2 0 |a sústava daňová 
700 1 |a Mitrová, Miriam, 1975- 
700 1 |a Jakub, Vincent 
700 1 |a Spišák, Emil 
110 2 |a Zlepšovanie procesov pomocou štatistických metód XI. (2020). Medzinárodná vedecká konferencia 
710 2 |a Ekonomická univerzita v Bratislave. Podnikovohospodárska fakulta so sídlom v Košiciach 
710 2 |a Vysoká škola báňská - Technická univerzita Ostrava. Hornicko-geologická fakulta